000 01153nam a22003377a 4500
003 CHAP
005 20220817041933.0
008 971013s1966 r 00010 d
010 _a29319
011 _a30291
035 _a34403
040 _cCHAP
082 _a338.9
_bM33Y
100 0 0 _aMaddison, Angus.
_969582
245 _aCrecimiento económico de Occidente
_b: experiencia comparativa en Europa y los Estados Unidos
260 _aMéxico, D.F. :
_bFondo de Cultura Económica,
_c1966
300 _a308 p
490 _aSección de obras de economía
590 _aBATCH-UPD
_b10
_c20130110
_lUCH01
_h1025
590 _aBATCH-UPD
_b10
_c20130410
_lUCH01
_h0630
590 _aBATCH-UPD
_b10
_c20130914
_lUCH01
_h1149
590 _aCONVERSION
_b10
_c20130109
_lUCH01
_h1317
650 1 4 _aDesarrollo económico.
650 1 4 _aEconomía
_xHistoria.
_935238
650 1 4 _aPolítica económica.
830 0 _aSección de obras de economía
901 _aBK
942 _cLIBRO
949 _a338.9 M33Y
_bBC
_cLIBRO
_d33724000421996
_eLIBRO
_h34452
_i34403
_si
_t36.00
949 _a338.9 M33Y
_bBC
_cLIBRO
_d33724000422002
_eLIBRO
_fc.2
_h34453
_i34403
_si
_t36.00
999 _c29319
_d29319